| 000 | 00502nam a22001817a 4500 | ||
|---|---|---|---|
| 005 | 20230111112808.0 | ||
| 008 | 221220b |||||||| |||| 00| 0 eng d | ||
| 020 | _a978-9387162778 | ||
| 041 | _aeng | ||
| 082 | _a612-MIT-A | ||
| 100 |
_aMITRA, SAMAR _97434 |
||
| 245 | _aANATOMY VOL-III:OSTEOLOGY EMBRYOLOGY GENITICS SURFACE MARKETING RADIOLOGICAL ANATOMY MCQ | ||
| 250 | _a8th ed. | ||
| 260 |
_aKOLKATA _bACADEMIC PUBLISHERS _c2019 |
||
| 300 | _a379;P. | ||
| 650 |
_aBPT _96963 |
||
| 942 | _cBK | ||
| 999 |
_c8176 _d8174 |
||